Biblioteca y Centro de Documentación

Informe de urgencia sobre la nueva Ley de reforma laboral (Registro nro. 23593)

Detalles MARC
000 -CABECERA
Longitud fija campo de control 01898nam a2200469 c 4500
001 - NÚMERO DE CONTROL
Número de control 23593
003 - IDENTIFICADOR DE NÚMERO DE CONTROL
Identificador del número de control ES-MaCES
005 - FECHA Y HORA DE LA ÚLTIMA TRANSACCIÓN
Fecha y hora de la última transacción 20171204144244.0
008 - CAMPO FIJO DE DESCRIPCIÓN FIJA--INFORMACIÓN GENERAL
Códigos de información de longitud fija   110224s2010 sp t 000 | spa d
035 ## - NÚMERO DE CONTROL DEL SISTEMA
Número de control del sistema CES20110001214m
040 ## - FUENTE DE CATALOGACIÓN
Centro catalogador de origen ES-MaCES
Lengua de catalogación spa
Centro transcriptor ES-MaCES
100 1# - ENCABEZAMIENTO PRINCIPAL--NOMBRE PERSONAL
Nombre de persona Rey Guanter, Salvador del
9 (RLIN) 21969
245 10 - MENCIÓN DE TÍTULO
Título Informe de urgencia sobre la nueva Ley de reforma laboral
Mención de responsabilidad, etc. Salvador del Rey Guanter, Fernando Moreno Piñero
260 ## - PUBLICACIÓN, DISTRIBUCIÓN, ETC (PIE DE IMPRENTA)
Lugar de publicación, distribución, etc. [Madrid (etc.)
Nombre del editor, distribuidor, etc. Instituto Internacional Cuatrecasas de Estrategia Legal en Recursos Humanos, Cuatrecasas, Gonçalves Pereira
Fecha de publicación, distribución, etc. 2010?]
300 ## - DESCRIPCIÓN FÍSICA
Extensión 74 h.
Dimensiones 30 cm
500 ## - NOTA GENERAL
Nota general Bajo el patrocionio de Manpower
541 ## - NOTA DE LA FUENTE INMEDIANTE DE ADQUISICIÓN
Forma de adquisición Gratuito
610 14 - ASIENTO SECUNDARIO DE MATERIA--NOMBRE CORPORATIVO
Nombre de entidad corporativa o nombre de jurisdicción como elemento inicial España
Título de la obra Ley de medidas urgentes para la reforma del mercado de trabajo
Fecha del congreso o de la firma de un tratado 2010
9 (RLIN) 2998
650 #4 - ASIENTO SECUNDARIO DE MATERIA--TÉRMINO DE MATERIA
Término de materia o nombre geográfico como elemento inicial mercado de trabajo
9 (RLIN) 28292
650 #4 - ASIENTO SECUNDARIO DE MATERIA--TÉRMINO DE MATERIA
Término de materia o nombre geográfico como elemento inicial empleo
9 (RLIN) 28299
650 #4 - ASIENTO SECUNDARIO DE MATERIA--TÉRMINO DE MATERIA
Término de materia o nombre geográfico como elemento inicial reforma legislativa
9 (RLIN) 29892
650 #4 - ASIENTO SECUNDARIO DE MATERIA--TÉRMINO DE MATERIA
Término de materia o nombre geográfico como elemento inicial servicio de empleo
9 (RLIN) 28311
650 #4 - ASIENTO SECUNDARIO DE MATERIA--TÉRMINO DE MATERIA
Término de materia o nombre geográfico como elemento inicial empresa de trabajo temporal
9 (RLIN) 29837
650 #4 - ASIENTO SECUNDARIO DE MATERIA--TÉRMINO DE MATERIA
Término de materia o nombre geográfico como elemento inicial contrato de trabajo
9 (RLIN) 28316
650 #4 - ASIENTO SECUNDARIO DE MATERIA--TÉRMINO DE MATERIA
Término de materia o nombre geográfico como elemento inicial terminación de la relación de trabajo
9 (RLIN) 29986
650 #4 - ASIENTO SECUNDARIO DE MATERIA--TÉRMINO DE MATERIA
Término de materia o nombre geográfico como elemento inicial despido
9 (RLIN) 28352
650 #4 - ASIENTO SECUNDARIO DE MATERIA--TÉRMINO DE MATERIA
Término de materia o nombre geográfico como elemento inicial flexibilidad del trabajo
9 (RLIN) 30174
650 #4 - ASIENTO SECUNDARIO DE MATERIA--TÉRMINO DE MATERIA
Término de materia o nombre geográfico como elemento inicial condiciones de trabajo
9 (RLIN) 28327
650 #4 - ASIENTO SECUNDARIO DE MATERIA--TÉRMINO DE MATERIA
Término de materia o nombre geográfico como elemento inicial España
9 (RLIN) 26964
650 #4 - ASIENTO SECUNDARIO DE MATERIA--TÉRMINO DE MATERIA
Término de materia o nombre geográfico como elemento inicial legislación del trabajo
9 (RLIN) 27166
650 #4 - ASIENTO SECUNDARIO DE MATERIA--TÉRMINO DE MATERIA
Término de materia o nombre geográfico como elemento inicial 2010
9 (RLIN) 31233
650 #4 - ASIENTO SECUNDARIO DE MATERIA--TÉRMINO DE MATERIA
Término de materia o nombre geográfico como elemento inicial comentario
9 (RLIN) 28971
650 #4 - ASIENTO SECUNDARIO DE MATERIA--TÉRMINO DE MATERIA
Término de materia o nombre geográfico como elemento inicial informe
9 (RLIN) 28986
653 10 - TÉRMINO DE INDEXACIÓN--NO CONTROLADO
Término no controlado Derecho del trabajo y Seguridad Social
700 1# - ENCABEZAMIENTO SECUNDARIO--NOMBRE PERSONAL
Nombre de persona Moreno Piñero, Fernando
9 (RLIN) 19131
710 2# - ENCABEZAMIENTO SECUNDARIO--NOMBRE CORPORATIVO
9 (RLIN) 4236
Nombre de entidad o nombre de jurisdicción como elemento inicial Instituto Internacional Cuatrecasas de Estrategia Legal en Recursos Humanos
710 2# - ENCABEZAMIENTO SECUNDARIO--NOMBRE CORPORATIVO
Nombre de entidad o nombre de jurisdicción como elemento inicial Manpower
9 (RLIN) 4503
787 0# - ENTRADA DE OTRAS ESPECIFICACIONES
Título Balance de las reformas laboral y de la negociación colectiva 2010-2011 y propuestas para el empleo y la competitividad
Número de control del registro relacionado (ES-MaCES)24198
902 ## - CES. TIPO DE DOCUMENTO
Tipodoc (006$c Sirtex) DOC Literatura gris
942 ## - ELEMENTOS KOHA
Fuente de clasificaión o esquema Clasificación propia del CES
Koha [por defecto] tipo de item Monografías
Parte de clasificación 6.0.1.
Existencias
Número de registro Signatura completa Tipo de item de Koha
078688 DOC-6.0.1.-12 Monografías
© CES, Consejo Económico y Social de España 2021